000 00674nab a2200181 4500
001 244442
003 OSt
005 20241121092102.0
007 tu
008 200917s2020|||||||
040 _aDE-2950
_cDE-2950
245 0 0 _aErinnerung an Frankfurts Rabbiner
_bInitiative. Die "Frankfurter Netzwerkstatt" hat drei bekannte Persönlichkeiten mit Erinnerungstafeln an ihren ehemaligen Wohnhäusern geehrt: Gottfried Benn, Klabund und nun auch Martin Salomonski/
_cLeonard Palm
264 _c2024
653 _aFrankfurt (Oder)
653 _aMartin Salomonski
773 0 _g35. Jahrgang (2024) Nr. 264 vom 12.11.2024, S. 16 mit Foto
_tMärkische Oderzeitung
942 _2z
_cA
999 _c373464
_d373464